Statystyki dla NBA-MLS nazwy drużyn

Kliknij tutaj aby rozwiązać quiz!

Ogólne statystyki

  • Ten quiz został rozwiązany 48 razy
  • Średni wynik to 8 z 14

Statystyki odpowiedzi

HintOdpowiedź% Poprawnych
GalaxyLakers/Clippers
98%
FireBulls
90%
InterHeat
88%
Red BullsKnicks/Nets
81%
DC. UnitedWizards
79%
RaptorsFC
71%
TimbersTrail Blazers
60%
HawksUnited
60%
RocketsDynamo
52%
MavericksFC
50%
JazzReal
36%
TimberwolvesUnited
26%
City SCMagic
19%
NuggetsRapids
5%

Rozkład punktacji

Percentyl według liczby udzielonych odpowiedzi

Procent ludzi z każdym wynikiem

Twoja historia wyników

Nie rozwiązałeś tego quizu